James Bond Actors Who Have Played Each Character - Statistics

General Stats
  • This quiz has been taken 117 times
  • The average score is 17 of 35
Answer Stats
Hint Answer % Correct
James Bond Sean Connery
97%
James Bond Daniel Craig
96%
James Bond Pierce Brosnan
96%
James Bond Roger Moore
93%
James Bond Timothy Dalton
92%
James Bond George Lazenby
88%
M Judi Dench
87%
M Ralph Fiennes
62%
Ernst Stavro Blofeld Christoph Waltz
56%
Q John Cleese
54%
Moneypenny Lois Maxwell
54%
Ernst Stavro Blofeld Telly Savalas
54%
Q Desmond Llewelyn
52%
Moneypenny Samantha Bond
49%
M Bernard Lee
48%
Ernst Stavro Blofeld Donald Pleasence
46%
Q Ben Whishaw
42%
Ernst Stavro Blofeld Charles Gray
42%
Moneypenny Naomi Harris
42%
Felix Leiter Jack Lord
38%
Felix Leiter Jeffery Wright
37%
M Robert Brown
37%
Felix Leiter David Hedison
32%
Bill Tanner Rory Kinnear
29%
Moneypenny Caroline Bliss
26%
Bill Tanner Michael Kitchen
26%
Ernst Stavro Blofeld Anthony Dawson
24%
Q Peter Burton
23%
Felix Leiter Norman Burton
22%
Felix Leiter Rik Van Nutter
21%
Felix Leiter Cec Linder
20%
Bill Tanner James Villiers
19%
Felix Leiter John Terry
19%
Bill Tanner Michael Goodliffe
14%
Ernst Stavro Blofeld John Hollis
13%
No matching quizzes found
Score Distribution
Percent of People with Each Score
Percentile by Number Answered
Your Score History
You have not taken this quiz